000 00718nam a2200217Ia 4500
003 GCL
008 140319s9999 xx 000 0 ara d
020 _a2512321190
040 _aGCL /
_cGCL
082 0 4 _a608.7
_bم س
100 1 _aباساتشوف، نعومى
245 1 0 _aالكسندر جراهام بل : صانع الاتصالات /
_cباساتشوف، نعومى
260 _aالرياض :
_bمكتبة العبيكان ،
_c2004
300 _a192 ص ؛
_c24 سم
490 _aسلسلة علماء عباقرة
_v0
650 0 4 _aالمخترعون
650 0 4 _aالعلماء - تراجم
650 0 4 _aالاتصال (علم)
650 0 4 _aالكسندر جراهام بل
942 _2ddc
_cBK
999 _c7133
_d7133